| 000 | 00400cam a2200157ua 4500 | ||
|---|---|---|---|
| 003 | OSt | ||
| 008 | 220930b |||||||| |||| 00| 0 eng d | ||
| 041 | _aeng | ||
| 082 |
_a632.58 _bBIS/WE |
||
| 100 |
_aBiswas, H S . _95265 |
||
| 245 | _aWeed control technology / | ||
| 250 | _a1 / | ||
| 260 |
_aBhopal : _bCentral Institute of Agricultural Engineering , _c1984. |
||
| 300 | _a79 ; . | ||
| 942 | _cBK | ||
| 999 |
_c1509 _d1509 |
||